Normal view
MARC view
Entry Topical Term
001 - CONTROL NUMBER
- control field: 63
003 - CONTROL NUMBER IDENTIFIER
- control field: ARRUPE
005 - DATE AND TIME OF LATEST TRANSACTION
- control field: 20130829145640.0
008 - FIXED-LENGTH DATA ELEMENTS
- fixed length control field: 130829|| aca||aabn | a|a d
040 ## - CATALOGING SOURCE
- Original cataloging agency: ARRUPE
- Transcribing agency: ARRUPE
150 ## - HEADING--TOPICAL TERM
- Topical term or geographic name as entry element:
- Topical term following geographic name as entry element: Phenomenology ; Sex ; Philosophy, French - 20th century
670 ## - SOURCE DATA FOUND
- Source citation: Work cat.: (ARRUPE)7308: Lingis, Alphonso 62, Libido, 1985